000
00334cam a2200145ua 4500
041
_a
eng
_h
082
_a
823.308
_b
SAL/FR
100
_a
Salinger, .
245
_a
Franny and Zooey /
_c
Salinger.
_h
Textual Documents
260
_a
:
_b
Penquin book ,
_c
1961.
300
_a
157 ; .
504
_a
942
_c
BK
999
_c
4334
_d
4334